El Perfil académico en la formación profesional en América Latina /

Se aborda el tema del perfil académico en la formación profesional del trabajo social. En primer lugar se hace una presentación de los rasgos más importantes de la coyuntura latinoamericana como son: la deuda externa y la crisis económica. Esto permite entender las particularidades en cada uno de lo...

Fuld beskrivelse

Guardado en:
Bibliografiske detaljer
Hovedforfatter: Carrasco Reyes, Ella
Format: Texto
Fag:
Tags: Tilføj Tag
Ingen Tags, Vær først til at tagge denne postø!

MARC

LEADER 00000 a a2200000 04500
001 132
003
040
100 |a Carrasco Reyes, Ella  
245 |a El Perfil académico en la formación profesional en América Latina /  |c Ella Carrasco Reyes 
520 |a Se aborda el tema del perfil académico en la formación profesional del trabajo social. En primer lugar se hace una presentación de los rasgos más importantes de la coyuntura latinoamericana como son: la deuda externa y la crisis económica. Esto permite entender las particularidades en cada uno de los países y por ello, explicar y encuadrar las propuestas de las unidades académicas y, las diferencias que se dan entre los países centroamericanos, por ejemplo, con los países del Cono Sur. Se presentan las diversas propuestas acerca de la definición del trabajo social y su conceptualización como profesión. Finalmente se hace una revisión sobre el perfil académico, contrastándolo con el perfil ocupacional y la necesidad de que cada centro de formación haga un esfuerzo constante por integrarlos. Presenta además, las funciones que las unidades académicas consideran esenciales en el trabajo social y hacia la que orientan sus objetivos pedagógicos, lo que viene a constituir el perfil académico. AR/JM  
650 |a RECESION ECONOMICA  
650 |a DEUDA EXTERNA  
650 |a ENSEÑANZA PROFESIONAL  
650 |a FORMACION PROFESIONAL  
650 |a TRABAJO SOCIAL  
650 |a ENSEÑANZA SUPERIOR  
773 |g número 27; páginas 111-139  
999 |c 35493  |d 35493 
773 0 |0 18808  |9 3127  |a Asociación Latinoamericana de Escuelas de Trabajo Social  |d Lima, Perú  |o 02797  |t REVISTA ACCIÓN CRÍTICA